Statistics for South American Cities by Football Club

Click here to take the quiz!

General Stats

  • This quiz has been taken 20 times
  • The average score is 12 of 16

Answer Stats

Club City % Correct
NacionalMontevideo
100%
Colo-ColoSantiago
100%
Boca JuniorsBuenos Aires
100%
CorinthiansSão Paulo
94%
FlamengoRio de Janeiro
94%
Newell's Old BoysRosario
89%
GrêmioPorto Alegre
83%
BolívarLa Paz
83%
Atlético NacionalMedellín
78%
Santa FeBogotá
67%
Cerro PorteñoAsunción
67%
Liga Deportiva UniversitariaQuito
61%
Deportivo MunicipalLima
56%
EmelecGuayaquil
50%
EstudiantesLa Plata
44%
CiencianoCusco
28%

Score Distribution

Percentile by Number Answered

Percent of People with Each Score

Your Score History

You have not taken this quiz